header

Foundations of discrete mathematics (Record no. 253139)

MARC details
000 -LEADER
fixed length control field 00510nam a22001817a 4500
003 - CONTROL NUMBER IDENTIFIER
control field OSt
005 - DATE AND TIME OF LATEST TRANSACTION
control field 20180620105654.0
008 - FIXED-LENGTH DATA ELEMENTS--GENERAL INFORMATION
fixed length control field 160419b xxu||||| |||| 00| 0 eng d
010 ## - LIBRARY OF CONGRESS CONTROL NUMBER
LC control number 90370356
020 ## - INTERNATIONAL STANDARD BOOK NUMBER
International Standard Book Number 0534923739
040 ## - CATALOGING SOURCE
Transcribing agency N/A
050 ## - LIBRARY OF CONGRESS CALL NUMBER
Classification number QA39.2
Item number .F588 1990
100 ## - MAIN ENTRY--PERSONAL NAME
Personal name Flether, Peter.
245 ## - TITLE STATEMENT
Title Foundations of discrete mathematics
Statement of responsibility, etc Peter Fletcher,Hughes Hoyle,C.Wayne Patty
260 ## - PUBLICATION, DISTRIBUTION, ETC. (IMPRINT)
Place of publication, distribution, etc Boston
Name of publisher, distributor, etc pws-kent publishing company
Date of publication, distribution, etc 1990
300 ## - PHYSICAL DESCRIPTION
Extent xviii,781p
Other physical details ill,
Dimensions 26cm
942 ## - ADDED ENTRY ELEMENTS (KOHA)
Source of classification or shelving scheme Library of Congress Classification
Koha item type Long Loan Books
Holdings
Withdrawn status Lost status Source of classification or shelving scheme Damaged status Not for loan Collection code Home library Current library Shelving location Date acquired Total Checkouts Full call number Barcode Date last seen Date checked out Price effective from Koha item type
    Library of Congress Classification     Non-fiction Rongo University Library Rongo University Library General Stacks 19/04/2016 3 QA39.2 .F588 1990 201611312 09/04/2023 26/03/2023 19/04/2016 Long Loan Books

© 2026 Rongo University
Contact us: librarian | system librarian | Rongo university